000 00639nab#a2200217#c#4500
999 _c122052
_d122052
003 IEF
005 20191205183650.0
008 950704s1975 uuu|| #####0 b| |u
040 _aIEF
_cES-MaIEF
100 1 _aLebón Fernández, Camilo
_925356
245 _aPerfil histórico de una hacienda local
_bla del municipio de Sevilla
_c Camilo Lebón Fernández
260 _c1975
650 4 _aESPAÑA
_941092
650 4 _aHACIENDAS LOCALES
_945217
650 4 _aSEVILLA
_91766
650 4 _aHISTORIA
_945399
773 0 _tHacienda Pública Española
_w34570
_gn. 35, 1975;pags. 343-373
942 _2udc
942 _2udc